00686nac a22001691u 4500020001500000082001700015090001300032100003400045245007200079260003800151440003000189650002700219942001900246999001300265952012500278952011300403 a0070589356 a621.31bN243 c126d126 aNasar, Syed A.  aSchaum’s outline of theory and problems of electric power systems aNew DelhibTata McGraw-Hillc2004 aSchaum’s outline series aElectric power systems cBBk621.31N243 c126d126 00104070aMAINbMAINc1STd2006-01-18ePurchasel1o621.31 NASp000004641r2025-07-15 00:00:00s2012-04-03v120.00yBB 00104070aMAINbMAINc1STd2006-01-18ePurchasel0o621.31 NASp000004640r2025-07-15 00:00:00v120.00yBB